| 000 | 00570nam a22002171a 4500 | ||
|---|---|---|---|
| 001 | 1729 | ||
| 003 | OSt | ||
| 005 | 20260204211745.0 | ||
| 008 | 040120s1998||||sp ||||||b||||||||||spa|| | ||
| 020 | _a847112372 | ||
| 050 | _a375.0086 T636g | ||
| 082 | _a375.0086 T636g | ||
| 100 | _aTorres Santomé, Jurjo | ||
| 245 | _aGlobalizacion e interdisciplinaridad: El curriculum integrado / Jurjo Torres Santomé | ||
| 250 | _a3ed. | ||
| 264 | _aEspaña: Morata | ||
| 300 | _a278 p. | ||
| 500 | _aIncluye indice | ||
| 650 | _aEducación - CurrículoÌ | ||
| 942 |
_2ddc _cBK |
||
| 999 |
_c1729 _d1729 |
||